BIBLIOTECA

SENCICO

Trigonometría / (Registro nro. 46)

Detalles MARC
000 -LEADER
fixed length control field 01170nam a2200229Ia 4500
003 - CONTROL NUMBER IDENTIFIER
control field PE SENCICO BE
005 - DATE AND TIME OF LATEST TRANSACTION
control field 20251020182423.0
008 - FIXED-LENGTH DATA ELEMENTS--GENERAL INFORMATION
fixed length control field 200515s9999 xx 000 0 und d
040 ## - CATALOGING SOURCE
Original cataloging agency PE SENCICO BE
Transcribing agency PE SENCICO BE
041 ## - LANGUAGE CODE
Language code of text/sound track or separate title spa
082 ## - DEWEY DECIMAL CLASSIFICATION NUMBER
Classification number 516.24T
Item number A45
100 1# - MAIN ENTRY--PERSONAL NAME
Personal name Alva Cabrera, Rubén
9 (RLIN) 2103
Relator term autor
245 10 - TITLE STATEMENT
Title Trigonometría /
Statement of responsibility, etc. Rubén Alva Cabrera
250 ## - EDITION STATEMENT
Edition statement 1a ed.
260 ## - PUBLICATION, DISTRIBUTION, ETC.
Place of publication, distribution, etc. Lima :
Name of publisher, distributor, etc. San Marcos,
Date of publication, distribution, etc. 1990
300 ## - PHYSICAL DESCRIPTION
Extent 208 p. :
Other physical details graf., tabls. ;
Dimensions 20 cm.
500 ## - GENERAL NOTE
General note En la cubierta: "Universidad Nacional de Ingeniería exámenes de admisión, 20 últimos años por capítulos totalmente resueltos"
505 0# - FORMATTED CONTENTS NOTE
Formatted contents note Sistema de medición angular -- Razones trigonométricas de ángulos agudos -- Razones trigonométricas de ángulos en posición normal -- Identidades trigonométricas -- Razones trigonométricas de la suma y diferencia de dos ángulos -- Razones trigonométricas del ángulo doble, triple y mitad -- Transformaciones trigonométricas -- Funciones trigonométricas inversas -- Ecuaciones trigonométricas - Resolución de triángulos
650 10 - SUBJECT ADDED ENTRY--TOPICAL TERM
Topical term or geographic name entry element Trigonometría
9 (RLIN) 2104
650 20 - SUBJECT ADDED ENTRY--TOPICAL TERM
Topical term or geographic name entry element Matemáticas
9 (RLIN) 2106
942 ## - ADDED ENTRY ELEMENTS (KOHA)
Koha item type Libros
Source of classification or shelving scheme Dewey Decimal Classification
Existencias
Fecha de la última vez que lo usaron Número de ingreso o de inventario Pago total Signatura topográfica completa Código de barras Precio efectivo desde Tipo de documento Estado perdido Sistema de clasificación Estado dañado No es para préstamo Retirado Ubicación permanente Ubicación actual Fecha de adquisición
15/05/2020 12487   516.24/A45T BibLima24040066 15/05/2020 Libros   Dewey Decimal Classification       Biblioteca Central Lima Biblioteca Central Lima 15/05/2020
15/05/2020 12488   516.24/A45T/ej. 2 BibLima24040067 15/05/2020 Libros   Dewey Decimal Classification       Biblioteca Central Lima Biblioteca Central Lima 15/05/2020